[Event "Korosztályos Bajnokság u12f"]
[Site "Balatonlelle"]
[Date "2015.06.22"]
[Round "6.17"]
[White "Kiraly, Barnabas"]
[Black "Bernath, Bence"]
[Result "1-0"]
[WhiteElo "1442"]
[BlackElo "1196"]
[PlyCount "117"]
[EventDate "2015.06.18"]
[EventType "swiss"]
[EventRounds "9"]
[EventCountry "HUN"]

1. e4 e5 2. Nf3 Nc6 3. Bc4 Nf6 4. Ng5 d5 5. exd5 Nd4 6. d6 Qxd6 7. Bxf7+ Ke7 8.
Bb3 Be6 9. Nxe6 Nxb3 10. axb3 Qxe6 11. O-O Qd5 12. Nc3 Qc5 13. d3 a6 14. Bg5
Qd6 15. Re1 Kf7 16. Bxf6 gxf6 17. Qh5+ Ke7 18. Qf5 Qe6 19. Qxe6+ Kxe6 20. d4
Bd6 21. f4 Rhf8 22. Re2 Rae8 23. Rae1 b5 24. fxe5 fxe5 25. Ne4 Kd7 26. Nxd6
cxd6 27. dxe5 dxe5 28. Rxe5 Rxe5 29. Rxe5 Rc8 30. c3 Rf8 31. Rh5 Rf7 32. Rh6 a5
33. Ra6 a4 34. Ra7+ Ke6 35. Rxf7 Kxf7 36. bxa4 bxa4 37. Kf2 Ke6 38. g4 Kd5 39.
Ke2 Ke4 40. h4 Kf4 41. g5 Kg4 42. c4 Kxh4 43. c5 Kxg5 44. c6 h5 45. c7 h4 46.
c8=Q Kf4 47. Qh3 Ke4 48. Qxh4+ Kd5 49. Kd3 Kc5 50. Qc4+ Kd6 51. Qb5 Ke6 52. Ke4
Kd6 53. Qd5+ Ke7 54. Qc6 Kf7 55. Kf5 Kg7 56. Qf6+ Kh7 57. Qg6+ Kh8 58. Kf6 a3
59. Qg7# 1-0

[Event "Korosztályos Bajnokság u12f"]
[Site "Balatonlelle"]
[Date "2015.06.22"]
[Round "6.19"]
[White "Forgacs, Attila Jr"]
[Black "Bako, Martin"]
[Result "0-1"]
[WhiteElo "1372"]
[BlackElo "1421"]
[PlyCount "80"]
[EventDate "2015.06.18"]
[EventType "swiss"]
[EventRounds "9"]
[EventCountry "HUN"]

1. e4 b6 2. d4 Bb7 3. Nc3 e6 4. Nf3 Nf6 5. Bg5 h6 6. Bh4 g5 7. e5 gxh4 8. exf6
Qxf6 9. d5 Bb4 10. Qd4 Qxd4 11. Nxd4 Bxc3+ 12. bxc3 Bxd5 13. Nb5 Kd8 14. c4 Be4
15. O-O-O h3 16. Rg1 hxg2 17. Bxg2 Bxg2 18. Rxg2 a6 19. Nd4 c5 20. Nf3 Nc6 21.
Rg7 Ke7 22. Rdg1 d6 23. Nh4 Kf6 24. R7g3 Nd4 25. Re3 Rhg8 26. Rd1 Ke7 27. c3
Nc6 28. Nf5+ Kf6 29. Rxd6 Kxf5 30. Rxc6 Rg2 31. Rxb6 Rxf2 32. Rb2 Rf4 33. Rb7
Kg6 34. Rg3+ Kf6 35. Kc2 Rf2+ 36. Kb3 Rxh2 37. Rf3+ Ke5 38. Rfxf7 h5 39. Rfe7
Rh1 40. Rb6 Rb1+ 0-1

[Event "Korosztályos Bajnokság u12f"]
[Site "Balatonlelle"]
[Date "2015.06.22"]
[Round "7.1"]
[White "Karacsonyi, Gellert"]
[Black "Krstulovic, Alex"]
[Result "0-1"]
[WhiteElo "2033"]
[BlackElo "2210"]
[PlyCount "82"]
[EventDate "2015.06.18"]
[EventType "swiss"]
[EventRounds "9"]
[EventCountry "HUN"]
[WhiteClock "0:30:02"]
[BlackClock "1:17:53"]

1. e4 c5 2. Nf3 d6 3. d4 cxd4 4. Nxd4 Nf6 5. Nc3 a6 6. Bc4 e6 7. Bb3 b5 8. O-O
Be7 9. Qf3 Qb6 10. Be3 Qb7 11. Qg3 O-O 12. Bh6 Ne8 13. Rfe1 Kh8 14. Bg5 Bxg5
15. Qxg5 Nf6 16. a3 Nc6 17. Nxc6 Qxc6 18. Rad1 Bb7 19. Rd3 h6 20. Qh4 a5 21. a4
b4 22. Nb5 Rad8 23. Rd4 Ba6 24. Red1 Bxb5 25. axb5 Qxb5 26. Bc4 Qc5 27. b3 Rd7
28. Kf1 Rfd8 29. f3 a4 30. R4d2 a3 31. Ke2 Qe5 32. Bd3 a2 33. Qe1 d5 34. Bb5
Ra7 35. Ra1 Rb8 36. Bd3 dxe4 37. fxe4 Qxh2 38. Kf3 Qh5+ 39. Kg3 Ra5 40. Qe2
Qe5+ 41. Kf2 Qxa1 0-1

[Event "Korosztályos Bajnokság u12f"]
[Site "Balatonlelle"]
[Date "2015.06.22"]
[Round "7.2"]
[White "Kovacsy, Barnabas"]
[Black "Persanyi, Barnabas"]
[Result "0-1"]
[WhiteElo "1898"]
[BlackElo "2032"]
[PlyCount "152"]
[EventDate "2015.06.18"]
[EventType "swiss"]
[EventRounds "9"]
[EventCountry "HUN"]
[WhiteClock "0:05:11"]
[BlackClock "0:09:25"]

1. e4 c5 2. Nf3 Nc6 3. d4 cxd4 4. Nxd4 g6 5. c4 Nf6 6. Nc3 Nxd4 7. Qxd4 d6 8.
Be2 Bg7 9. Be3 O-O 10. Qd2 Qa5 11. O-O Be6 12. Rac1 Rfc8 13. b3 a6 14. f3 b5
15. Nd5 Qxd2 16. Bxd2 Nxd5 17. cxd5 Bd4+ 18. Kh1 Bd7 19. Rxc8+ Rxc8 20. Rc1
Rxc1+ 21. Bxc1 f5 22. g3 fxe4 23. fxe4 Bc8 24. Bd2 Bb7 25. Kg2 Kg7 26. Bg4 h6
27. Be6 Be5 28. Kf3 Kh7 29. Ke3 h5 30. Kf3 Bd4 31. g4 hxg4+ 32. Kxg4 Bc5 33.
Ba5 Bd4 34. h4 Kg7 35. h5 gxh5+ 36. Kxh5 Kf6 37. Bf5 Bxd5 38. Bc8 Bxe4 39. Bxa6
Bc6 40. Kg4 Ke5 41. Bc8 e6 42. Bd2 Kd5 43. Kf3 e5 44. Ke2 Kc5 45. Be6 b4 46.
Bg5 Be4 47. Be7 Bg6 48. Kd2 Bc3+ 49. Kc1 e4 50. Bg4 Kc6 51. Kc2 e3+ 52. Kd1 d5
53. a3 bxa3 54. Bxa3 d4 55. Bf3+ Kb6 56. Bc1 Be8 57. Kc2 Ka5 58. Be2 Kb4 59.
Bf3 Bb5 60. Kd1 Kxb3 61. Be2 Bd7 62. Bf3 Bb4 63. Be2 Bf5 64. Bf3 Bc5 65. Be2 d3
66. Bf3 Kc3 67. Ke1 d2+ 68. Bxd2+ exd2+ 69. Kf1 Bd3+ 70. Kg2 Be4 71. Bxe4 d1=Q
72. Kh3 Qg1 73. Bg2 Bd6 74. Kh4 Qxg2 75. Kh5 Bf4 76. Kh4 Qg3+ 0-1

[Event "Korosztályos Bajnokság u12f"]
[Site "Balatonlelle"]
[Date "2015.06.22"]
[Round "7.3"]
[White "Bakos, Balazs"]
[Black "Leszko, Bence"]
[Result "0-1"]
[WhiteElo "1769"]
[BlackElo "1888"]
[PlyCount "120"]
[EventDate "2015.06.18"]
[EventType "swiss"]
[EventRounds "9"]
[EventCountry "HUN"]
[WhiteClock "0:00:34"]
[BlackClock "0:38:41"]

1. e4 b6 2. d4 Bb7 3. Bd3 e6 4. Nf3 c5 5. c3 Nf6 6. Qe2 c4 7. Bc2 d5 8. e5 Nfd7
9. Bg5 Be7 10. Bxe7 Qxe7 11. O-O O-O 12. Nbd2 Nc6 13. Ne1 f6 14. f4 fxe5 15.
fxe5 Rxf1+ 16. Qxf1 Rf8 17. Qe2 b5 18. a4 b4 19. Nef3 b3 20. Bd1 Rf5 21. Nf1
Na5 22. Ng3 Rf7 23. Qe3 h6 24. Ra3 Bc6 25. Qc1 Nb6 26. Qa1 Qd7 27. Nh4 Qe7 28.
Nf3 Rf8 29. Ne2 Qe8 30. h3 Qg6 31. Kf2 Qf5 32. Ng3 Qf4 33. Be2 Qf7 34. Ke1 Qg6
35. Kf2 Qe8 36. Ke1 Rf4 37. Qc1 Rf8 38. Qa1 a6 39. Bd1 Qf7 40. Be2 g6 41. Kf2
Kg7 42. Bd1 Bd7 43. Nf1 Qe7 44. Ne3 Qh4+ 45. Kg1 Qf4 46. Ng4 Bc6 47. Nf6 Qe3+
48. Kh2 Nd7 49. Nxd7 Bxd7 50. Qb1 Be8 51. Ra1 Nb7 52. Kh1 Rf5 53. Kh2 g5 54. a5
Bg6 55. Qc1 Qf2 56. Ra4 Bh5 57. Kh1 g4 58. Ng1 gxh3 59. gxh3 Rg5 60. Bxh5 Qg2#
0-1

[Event "Korosztályos Bajnokság u12f"]
[Site "Balatonlelle"]
[Date "2015.06.22"]
[Round "7.4"]
[White "Ongut, Tamas Gunes"]
[Black "Hegedus, Dominik"]
[Result "1-0"]
[WhiteElo "1703"]
[BlackElo "1847"]
[PlyCount "121"]
[EventDate "2015.06.18"]
[EventType "swiss"]
[EventRounds "9"]
[EventCountry "HUN"]

1. d4 Nf6 2. Nf3 g6 3. g3 Bg7 4. Bg2 O-O 5. O-O d6 6. c4 Nbd7 7. Nc3 e5 8. dxe5
dxe5 9. h3 c6 10. Qc2 Qc7 11. Rd1 Nb6 12. b3 Bf5 13. e4 Be6 14. g4 Rfd8 15. Be3
h5 16. g5 Nh7 17. Rxd8+ Rxd8 18. Rd1 Rxd1+ 19. Qxd1 Qe7 20. c5 Nd7 21. b4 b6
22. cxb6 Nxb6 23. Bc5 Qd7 24. Qxd7 Bxd7 25. a4 Nf8 26. a5 Nc8 27. Ne2 Ne6 28.
Be3 a6 29. Nc1 Nd6 30. Nd3 Nc4 31. Bc1 Nd4 32. Nxd4 exd4 33. Nc5 Bc8 34. Bf1
Ne5 35. Kg2 Bf8 36. Bb2 Nd7 37. Bxd4 Nxc5 38. bxc5 h4 39. Be2 Be7 40. f4 Bd8
41. Bc3 Be7 42. Bb4 f6 43. gxf6 Bxf6 44. e5 Be7 45. Bg4 Bb7 46. Kf3 Kf7 47. Ke4
Bd8 48. Kd4 Bc7 49. Be1 Bd8 50. Kc4 Be7 51. Kb4 Bd8 52. Bc3 Bc7 53. Bd4 Bd8 54.
e6+ Ke7 55. Be5 Ba8 56. Bd6+ Kf6 57. Be5+ Ke7 58. Kc4 Bxa5 59. Bd6+ Kd8 60. f5
gxf5 61. e7+ 1-0

[Event "Korosztályos Bajnokság u12f"]
[Site "Balatonlelle"]
[Date "2015.06.22"]
[Round "7.5"]
[White "Losonczi, Marcell"]
[Black "Toth, Abel Levente"]
[Result "1-0"]
[WhiteElo "1672"]
[BlackElo "1782"]
[PlyCount "56"]
[EventDate "2015.06.18"]
[EventType "swiss"]
[EventRounds "9"]
[EventCountry "HUN"]

1. e4 e6 2. c4 d5 3. exd5 exd5 4. cxd5 Nf6 5. Bb5+ Nbd7 6. Nc3 Be7 7. Nge2 O-O
8. O-O Nb6 9. d4 Nbxd5 10. Nf4 c6 11. Bd3 Nxc3 12. bxc3 Nd5 13. Bc2 Nxf4 14.
Bxf4 Bd6 15. Qd3 g6 16. Qg3 Bxf4 17. Qxf4 Be6 18. Rfe1 Re8 19. Re3 Qd7 20. h3
Rac8 21. Re5 Qc7 22. Rae1 Re7 23. Qf6 Rce8 24. f4 Qd8 25. f5 gxf5 26. Qg5+ Kf8
27. Qh6+ Kg8 28. R1e3 Kh8 1-0

[Event "Korosztályos Bajnokság u12f"]
[Site "Balatonlelle"]
[Date "2015.06.22"]
[Round "7.6"]
[White "Kelemen, Szabolcs"]
[Black "Karko, Balint"]
[Result "0-1"]
[WhiteElo "1781"]
[BlackElo "1290"]
[PlyCount "102"]
[EventDate "2015.06.18"]
[EventType "swiss"]
[EventRounds "9"]
[EventCountry "HUN"]

1. e4 e5 2. Nf3 Nc6 3. d4 exd4 4. Bc4 Bc5 5. c3 Nf6 6. cxd4 Bb4+ 7. Bd2 Bxd2+
8. Nbxd2 d5 9. exd5 Nxd5 10. Qb3 Nce7 11. O-O c6 12. a4 Qb6 13. Bxd5 Nxd5 14.
Rfe1+ Be6 15. Qxb6 Nxb6 16. Ng5 O-O-O 17. Nxe6 fxe6 18. Nf3 Rd6 19. Re4 h6 20.
b3 Nd5 21. Rae1 Nc7 22. Ne5 Rf8 23. f4 Rf5 24. g4 Rf6 25. a5 Nb5 26. Nf3 Nc3
27. R4e3 Nd5 28. Re4 Rxf4 29. Ne5 Rxe4 30. Rxe4 Nc3 31. Re3 Nb5 32. Nc4 Rxd4
33. Rxe6 Rxg4+ 34. Kf2 Nc7 35. Re7 Kd8 36. Rf7 Rg6 37. Rf8+ Ne8 38. Rf4 Rf6 39.
Ke3 Rxf4 40. Kxf4 Kc7 41. Ke5 Kd7 42. h4 Ke7 43. b4 Kd7 44. Kf5 Ke7 45. Kg6 Ke6
46. Ne3 b6 47. axb6 axb6 48. Nf5 c5 49. bxc5 bxc5 50. Nxg7+ Nxg7 51. Kxg7 c4
0-1

[Event "Korosztályos Bajnokság u12f"]
[Site "Balatonlelle"]
[Date "2015.06.22"]
[Round "7.7"]
[White "Bartok, David Dominik"]
[Black "Forgacs, Andras"]
[Result "1/2-1/2"]
[WhiteElo "1560"]
[BlackElo "1699"]
[PlyCount "63"]
[EventDate "2015.06.18"]
[EventType "swiss"]
[EventRounds "9"]
[EventCountry "HUN"]

1. e4 c6 2. d4 d5 3. exd5 cxd5 4. Bd3 Nc6 5. c3 Nf6 6. Bf4 Bg4 7. Qb3 Qd7 8.
Nd2 e6 9. Ngf3 Na5 10. Qb5 Nc6 11. h3 Bh5 12. O-O a6 13. Qb6 Be7 14. Ne5 Nxe5
15. Bxe5 O-O 16. Nb3 Bd8 17. Qd6 Qxd6 18. Bxd6 Re8 19. Nc5 b6 20. Nxa6 Be7 21.
Bxe7 Rxe7 22. Nb4 Rea7 23. Rfe1 Bg6 24. Bxg6 hxg6 25. f3 Ne8 26. a3 Nd6 27. Nc2
Nc4 28. Rab1 b5 29. Ne3 Nd2 30. Rbd1 Nb3 31. Nf1 Kf8 32. Nd2 1/2-1/2

[Event "Korosztályos Bajnokság u12f"]
[Site "Balatonlelle"]
[Date "2015.06.22"]
[Round "7.8"]
[White "Szilagyi, Norbert"]
[Black "Sagi, Kornel"]
[Result "1/2-1/2"]
[WhiteElo "1634"]
[BlackElo "1545"]
[PlyCount "64"]
[EventDate "2015.06.18"]
[EventType "swiss"]
[EventRounds "9"]
[EventCountry "HUN"]

1. e4 e5 2. Nf3 Nc6 3. Bc4 Bc5 4. c3 Nf6 5. d4 exd4 6. cxd4 Bb4+ 7. Nc3 Nxe4 8.
O-O Bxc3 9. bxc3 d5 10. Bd3 O-O 11. Qc2 Nf6 12. Bf4 h6 13. Rfe1 Be6 14. Qd2 Ne7
15. Ne5 Bf5 16. Bxf5 Nxf5 17. Qd3 Nd6 18. Re3 Nfe4 19. Rh3 Ng5 20. Bxg5 Qxg5
21. Re1 Qf5 22. Ree3 Qxd3 23. Rxd3 f6 24. Ng4 Rfe8 25. Ne3 c6 26. Kf1 Re7 27.
Rd1 Rae8 28. Rc1 Ne4 29. Rc2 Nd6 30. Ke2 Nc4 31. Kd3 Nxe3 32. fxe3 Rd7 {Ke4}
1/2-1/2

[Event "Korosztályos Bajnokság u12f"]
[Site "Balatonlelle"]
[Date "2015.06.22"]
[Round "7.9"]
[White "Csajbok, Levente Tamas"]
[Black "Dibusz, Domonkos"]
[Result "0-1"]
[WhiteElo "1586"]
[BlackElo "1656"]
[PlyCount "44"]
[EventDate "2015.06.18"]
[EventType "swiss"]
[EventRounds "9"]
[EventCountry "HUN"]

1. e4 e5 2. Nf3 Nc6 3. Nc3 Nf6 4. d4 exd4 5. Nxd4 Bb4 6. Nxc6 bxc6 7. Bd2 O-O
8. Bd3 Re8 9. O-O d5 10. exd5 cxd5 11. a3 Bc5 12. Bg5 Be7 13. h3 Bb7 14. Re1 d4
15. Ne2 Qd5 16. Be4 Nxe4 17. Bxe7 Rxe7 18. Nf4 Qf5 19. Nd3 Rae8 20. Rf1 Nc5 21.
Nb4 a5 22. Na2 Ba6 0-1

[Event "Korosztályos Bajnokság u12f"]
[Site "Balatonlelle"]
[Date "2015.06.22"]
[Round "7.10"]
[White "Follardt, Lorinc"]
[Black "Geher, Koppany"]
[Result "0-1"]
[WhiteElo "1498"]
[BlackElo "1615"]
[PlyCount "80"]
[EventDate "2015.06.18"]
[EventType "swiss"]
[EventRounds "9"]
[EventCountry "HUN"]

1. e4 e6 2. d4 d5 3. exd5 exd5 4. Nf3 Bd6 5. Be2 Nc6 6. O-O Bf5 7. c3 Nge7 8.
Be3 Qd7 9. Nbd2 f6 10. Nh4 O-O-O 11. f4 Rde8 12. Nb3 Be4 13. Nc5 Bxc5 14. dxc5
Kb8 15. b4 Nf5 16. Nxf5 Qxf5 17. Bf3 Re7 18. a4 Rhe8 19. Re1 Bxf3 20. Qxf3 d4
21. cxd4 Nxd4 22. Qg3 Nc2 23. Bd2 Nxa1 24. Rxa1 Qc2 25. Be1 Qe2 26. Bf2 Rd8 27.
Qb3 Qd3 28. Qb2 Re2 29. Qc1 Qd2 30. Qf1 Qc2 31. b5 Rdd2 32. Re1 Rxe1 33. Bxe1
Qxc5+ 34. Kh1 Qc1 35. h3 Rd1 36. Kh2 Rxe1 37. Qf3 Rh1+ 38. Kg3 Qe1+ 39. Kg4 Qd1
40. Qxd1 Rxd1 0-1

[Event "Korosztályos Bajnokság u12f"]
[Site "Balatonlelle"]
[Date "2015.06.22"]
[Round "7.11"]
[White "Ronai, Akos Balazs"]
[Black "Fodor, Kornel"]
[Result "0-1"]
[WhiteElo "1607"]
[BlackElo "1423"]
[PlyCount "84"]
[EventDate "2015.06.18"]
[EventType "swiss"]
[EventRounds "9"]
[EventCountry "HUN"]

1. e4 c5 2. Nf3 Nc6 3. c4 d6 4. Nc3 Bg4 5. Be2 g6 6. h3 Bxf3 7. Bxf3 Bg7 8. O-O
Nf6 9. d3 O-O 10. Be3 Nd7 11. g3 Nde5 12. Bg2 Nb4 13. Qd2 Nbxd3 14. f4 Nxb2 15.
Qxb2 Nxc4 16. Qc1 Nxe3 17. Rf3 Nxg2 18. Kxg2 b5 19. f5 b4 20. Nd5 Bxa1 21. Qxa1
f6 22. Nf4 g5 23. Ne6 Qb6 24. h4 g4 25. Rf4 h5 26. Qd1 Rf7 27. Rxg4+ hxg4 28.
Qxg4+ Kh8 29. Nf4 Rg8 30. Ng6+ Rxg6 31. fxg6 Rg7 32. h5 Qd8 33. h6 Rxg6 34.
Qxg6 Qg8 35. Qf5 Qxa2+ 36. Kh3 Qf7 37. g4 b3 38. e5 b2 39. Qb1 Qh7 40. Qxb2
Qxh6+ 41. Kg3 Qe3+ 42. Kh4 Qxe5 0-1

[Event "Korosztályos Bajnokság u12f"]
[Site "Balatonlelle"]
[Date "2015.06.22"]
[Round "7.12"]
[White "Lakatos, Tamas"]
[Black "Csontos, David"]
[Result "1/2-1/2"]
[WhiteElo "1559"]
[BlackElo "1602"]
[PlyCount "30"]
[EventDate "2015.06.18"]
[EventType "swiss"]
[EventRounds "9"]
[EventCountry "HUN"]

1. e4 c5 2. Nf3 Nc6 3. Bb5 e6 4. Bxc6 bxc6 5. O-O d5 6. Re1 Bd6 7. e5 Bc7 8. d3
Ne7 9. Nc3 h6 10. Ne2 Ba6 11. Ng3 Rb8 12. a3 c4 13. d4 Ba5 14. Bd2 Rxb2 15. Qc1
c3 1/2-1/2

[Event "Korosztályos Bajnokság u12f"]
[Site "Balatonlelle"]
[Date "2015.06.22"]
[Round "7.13"]
[White "Baski, Barnabas"]
[Black "Pal, Istvan"]
[Result "0-1"]
[WhiteElo "1419"]
[BlackElo "1591"]
[PlyCount "64"]
[EventDate "2015.06.18"]
[EventType "swiss"]
[EventRounds "9"]
[EventCountry "HUN"]

1. e4 c5 2. d4 cxd4 3. c3 dxc3 4. Nxc3 Nc6 5. Nf3 d6 6. Bc4 e6 7. Qe2 a6 8. O-O
Be7 9. Rd1 Bd7 10. Bf4 Qc7 11. Rac1 Nf6 12. Be3 O-O 13. b4 Nxb4 14. Rb1 Nc6 15.
Bb6 Qb8 16. Be3 Ne5 17. Nxe5 dxe5 18. Bg5 Bc6 19. Rb6 Qc7 20. Rbb1 Rac8 21.
Rbc1 b5 22. Bb3 Qb7 23. f3 b4 24. Nb1 Bb5 25. Qb2 Bc5+ 26. Kh1 Bd4 27. Qd2 a5
28. Be3 Rfd8 29. Qf2 Bxe3 30. Qxe3 Rxd1+ 31. Rxd1 a4 32. Qd2 axb3 0-1

[Event "Korosztályos Bajnokság u12f"]
[Site "Balatonlelle"]
[Date "2015.06.22"]
[Round "7.14"]
[White "Bako, Martin"]
[Black "Blahota, Marcell"]
[Result "1/2-1/2"]
[WhiteElo "1421"]
[BlackElo "1472"]
[PlyCount "153"]
[EventDate "2015.06.18"]
[EventType "swiss"]
[EventRounds "9"]
[EventCountry "HUN"]

1. e4 c5 2. Nc3 Nc6 3. Bc4 d6 4. d3 g6 5. Be3 Bg7 6. f4 e6 7. Qd2 Bd7 8. a3 a6
9. Nf3 Nge7 10. O-O-O Qc7 11. g4 Nd4 12. Bxd4 Bxd4 13. Ne2 Nc6 14. Nexd4 Nxd4
15. Nxd4 cxd4 16. Qf2 Qc5 17. Qh4 b5 18. Qf6 Rf8 19. Bb3 Rc8 20. Rd2 Bc6 21.
Rf1 Kd7 22. f5 Qe5 23. fxe6+ fxe6 24. Qxf8 Rxf8 25. Rxf8 Ke7 26. Rff2 Qg5 27.
Rg2 Qf4 28. Kb1 a5 29. Rdf2 Qe3 30. Rf1 a4 31. Ba2 Bd7 32. Rgf2 Kd8 33. Rf6 Ke7
34. Rf8 d5 35. exd5 exd5 36. Bxd5 Kd6 37. Bf3 Be6 38. Bd1 Qd2 39. R8f2 Qg5 40.
Rf4 Ke5 41. Re4+ Kd5 42. Rff4 Qh4 43. Rxd4+ Kc5 44. Rde4 Bd5 45. d4+ Kd6 46.
Re2 Bc4 47. Ref2 Qe7 48. Rd2 Qe1 49. Rff2 Kd5 50. Kc1 Kd6 51. Rf8 Qe7 52. Rc8
Qd7 53. Rc5 Qf7 54. Re5 Qf1 55. Re3 Qf4 56. Rf3 Qe4 57. Rh3 g5 58. Rh5 Qe3 59.
Rxh7 Kd5 60. Rh5 Kd6 61. Rh8 Kd7 62. Rf8 Ke7 63. Rf5 Kd6 64. d5 Qe7 65. b3 axb3
66. cxb3 Qe3 67. bxc4 Qc3+ 68. Rc2 Qe3+ 69. Kb2 Qd4+ 70. Kc1 Qa1+ 71. Kd2 Qd4+
72. Ke1 bxc4 73. Re2 Qc3+ 74. Kf1 Qh3+ 75. Ke1 Qc3+ 76. Rd2 Qe3+ 77. Be2
1/2-1/2

[Event "Korosztályos Bajnokság u12f"]
[Site "Balatonlelle"]
[Date "2015.06.22"]
[Round "7.15"]
[White "Varga, Boldizsar"]
[Black "Kiraly, Barnabas"]
[Result "1/2-1/2"]
[WhiteElo "1267"]
[BlackElo "1442"]
[PlyCount "93"]
[EventDate "2015.06.18"]
[EventType "swiss"]
[EventRounds "9"]
[EventCountry "HUN"]

1. d4 Nf6 2. c4 e6 3. Nf3 c5 4. Nc3 d5 5. e3 Nc6 6. Be2 Bd6 7. O-O O-O 8. Re1
a6 9. a3 Qc7 10. Bd2 cxd4 11. exd4 Ne4 12. cxd5 Nxc3 13. Bxc3 exd5 14. Rc1 Bg4
15. h3 Bf5 16. Bd3 Bxd3 17. Qxd3 Rac8 18. Ng5 g6 19. Bd2 Rfe8 20. Bc3 Bf8 21.
Nf3 Bg7 22. Qd2 Qd7 23. Rxe8+ Rxe8 24. Re1 Rxe1+ 25. Qxe1 Qe6 26. Qe3 Qxe3 27.
fxe3 f5 28. Ng5 h6 29. Ne6 Bf8 30. Nf4 Ne7 31. Bb4 Kf7 32. Bxe7 Bxe7 33. Nxd5
Bg5 34. Kf2 Bd8 35. Ke2 g5 36. Kd3 h5 37. Kc4 Ke6 38. Nb4 a5 39. Nd3 Kd6 40.
Ne5 Bf6 41. Nd3 g4 42. Nf4 h4 43. a4 Bg5 44. b3 g3 45. Kd3 Kc6 46. Kc4 Kd6 47.
Kd3 1/2-1/2

[Event "Korosztályos Bajnokság u12f"]
[Site "Balatonlelle"]
[Date "2015.06.22"]
[Round "7.18"]
[White "Bernath, Bence"]
[Black "Csepeli, Martin"]
[Result "1-0"]
[WhiteElo "1196"]
[BlackElo "1227"]
[PlyCount "43"]
[EventDate "2015.06.18"]
[EventType "swiss"]
[EventRounds "9"]
[EventCountry "HUN"]

1. e4 e5 2. Nf3 Nc6 3. d4 exd4 4. Nxd4 Bc5 5. Nb3 Bb6 6. Nc3 Nf6 7. Qe2 d6 8.
Be3 Bxe3 9. Qxe3 O-O 10. O-O-O a5 11. a4 Nb4 12. Be2 Be6 13. Nd4 Qd7 14. h3 c5
15. Ndb5 Ra6 16. g4 Ne8 17. Rd2 Nc7 18. Nxc7 Qxc7 19. Bxa6 bxa6 20. Rhd1 Rd8
21. Qf4 Kf8 22. Rxd6 1-0

[Event "Korosztályos Bajnokság u12f"]
[Site "Balatonlelle"]
[Date "2015.06.22"]
[Round "7.19"]
[White "Fabian, Bence"]
[Black "Revesz, Hunor"]
[Result "1-0"]
[WhiteElo "1427"]
[BlackElo "1341"]
[PlyCount "29"]
[EventDate "2015.06.18"]
[EventType "swiss"]
[EventRounds "9"]
[EventCountry "HUN"]

1. e4 c5 2. Nf3 d6 3. c3 Nf6 4. Be2 Nxe4 5. Qa4+ Bd7 6. Qxe4 g6 7. d4 cxd4 8.
Qxd4 e5 9. Qd1 Bg7 10. O-O O-O 11. Qxd6 e4 12. Ne5 Re8 13. Nxd7 Nxd7 14. Be3
Re6 15. Qd1 1-0

[Event "Korosztályos Bajnokság u12f"]
[Site "Balatonlelle"]
[Date "2015.06.23"]
[Round "8.1"]
[White "Krstulovic, Alex"]
[Black "Ongut, Tamas Gunes"]
[Result "1-0"]
[WhiteElo "2210"]
[BlackElo "1703"]
[PlyCount "53"]
[EventDate "2015.06.18"]
[EventType "swiss"]
[EventRounds "9"]
[EventCountry "HUN"]
[WhiteClock "1:30:33"]
[BlackClock "1:09:40"]

1. d4 d5 2. c4 e6 3. Nc3 Be7 4. Nf3 Nf6 5. Bf4 O-O 6. e3 Nbd7 7. h3 b6 8. cxd5
exd5 9. Bd3 Bb7 10. O-O Ne4 11. Ne5 f6 12. Bxe4 fxe5 13. Nxd5 exf4 14. Nxe7+
Qxe7 15. Bxb7 fxe3 16. Bxa8 e2 17. Qb3+ Kh8 18. Rfe1 Rxa8 19. Qe3 Qxe3 20. fxe3
Re8 21. Rxe2 Nf6 22. e4 Rxe4 23. Rxe4 Nxe4 24. Re1 Nd6 25. Re7 Kg8 26. Rxc7 Nb5
27. Rd7 1-0

[Event "Korosztályos Bajnokság u12f"]
[Site "Balatonlelle"]
[Date "2015.06.23"]
[Round "8.2"]
[White "Karko, Balint"]
[Black "Karacsonyi, Gellert"]
[Result "0-1"]
[WhiteElo "1290"]
[BlackElo "2033"]
[PlyCount "112"]
[EventDate "2015.06.18"]
[EventType "swiss"]
[EventRounds "9"]
[EventCountry "HUN"]
[WhiteClock "0:21:36"]
[BlackClock "0:12:25"]

1. d4 c5 2. Nf3 cxd4 3. Nxd4 Nf6 4. Nc3 Nc6 5. e4 d6 6. Bb5 Bd7 7. Be3 a6 8.
Nxc6 Bxc6 9. Bxc6+ bxc6 10. O-O Rb8 11. Qd3 a5 12. Rab1 Ng4 13. Qa6 Qc7 14. Bf4
e5 15. Bg3 Be7 16. f4 exf4 17. Rxf4 Ne5 18. Ne2 Bg5 19. Rf5 Be3+ 20. Kh1 O-O
21. Bxe5 dxe5 22. Qd3 Ba7 23. Qg3 f6 24. h4 Qd7 25. Qd3 Rfd8 26. Nc1 Qe6 27.
Qe2 Rd7 28. b3 c5 29. Rf1 Rd4 30. Rd1 Qd6 31. Nd3 Qc6 32. Nf2 Rbd8 33. c4 Bb8
34. Rb2 Qd6 35. Rbb1 Bc7 36. g3 Bb8 37. Kg2 g6 38. Qf3 Bc7 39. Kh2 Rd7 40. Rbc1
Kg7 41. Kg2 Bd8 42. Kh3 Be7 43. g4 Qe6 44. Kg3 Bf8 45. Nh3 Qe7 46. h5 Qd8 47.
Nf2 gxh5 48. gxh5 Kh8 49. Rxd4 exd4 50. Ng4 Bd6+ 51. Kh3 Be5 52. Rf1 d3 53. Ne3
d2 54. Nd5 Rg7 55. Qd1 Rg3+ 56. Kh4 f5+ 0-1

[Event "Korosztályos Bajnokság u12f"]
[Site "Balatonlelle"]
[Date "2015.06.23"]
[Round "8.3"]
[White "Leszko, Bence"]
[Black "Losonczi, Marcell"]
[Result "1-0"]
[WhiteElo "1888"]
[BlackElo "1672"]
[PlyCount "51"]
[EventDate "2015.06.18"]
[EventType "swiss"]
[EventRounds "9"]
[EventCountry "HUN"]
[WhiteClock "1:20:15"]
[BlackClock "0:31:45"]

1. Nf3 c5 2. e4 Nc6 3. Bb5 e6 4. O-O Nge7 5. Re1 a6 6. Bf1 g6 7. d3 Bg7 8. a4
b6 9. g3 Bb7 10. Bg2 Qc7 11. c3 O-O 12. Nbd2 Rad8 13. Qc2 d5 14. Nf1 d4 15. Bd2
e5 16. h4 Kh8 17. cxd4 cxd4 18. N1h2 Rc8 19. Qb3 f6 20. Ng4 Nb8 21. Rac1 Nec6
22. Nh6 a5 23. Bh3 Na6 24. Bxc8 Bxc8 25. Rxc6 Qxc6 26. Qg8+ 1-0

[Event "Korosztályos Bajnokság u12f"]
[Site "Balatonlelle"]
[Date "2015.06.23"]
[Round "8.4"]
[White "Persanyi, Barnabas"]
[Black "Forgacs, Andras"]
[Result "1-0"]
[WhiteElo "2032"]
[BlackElo "1699"]
[PlyCount "63"]
[EventDate "2015.06.18"]
[EventType "swiss"]
[EventRounds "9"]
[EventCountry "HUN"]

1. d4 Nf6 2. Nf3 g6 3. Bf4 Bg7 4. e3 O-O 5. h3 d6 6. Be2 a6 7. O-O b5 8. a4
bxa4 9. Rxa4 Nbd7 10. c3 Nd5 11. Bg3 N5b6 12. Ra3 Bb7 13. Nbd2 c5 14. Qa1 Qc8
15. Bh4 Re8 16. Rd1 c4 17. e4 e6 18. Re1 d5 19. e5 Bf8 20. Ra2 Nb8 21. Nh2 Nc6
22. Ng4 Nd7 23. Qc1 Ne7 24. Bxe7 Rxe7 25. Nf3 a5 26. Qg5 Bc6 27. Qh4 Qb7 28.
Ng5 h5 29. Nf6+ Nxf6 30. exf6 Rd7 31. Bxh5 gxh5 32. Qxh5 1-0

[Event "Korosztályos Bajnokság u12f"]
[Site "Balatonlelle"]
[Date "2015.06.23"]
[Round "8.5"]
[White "Hegedus, Dominik"]
[Black "Kovacsy, Barnabas"]
[Result "0-1"]
[WhiteElo "1847"]
[BlackElo "1898"]
[PlyCount "70"]
[EventDate "2015.06.18"]
[EventType "swiss"]
[EventRounds "9"]
[EventCountry "HUN"]

1. e4 c6 2. Nf3 d5 3. Nc3 Bg4 4. h3 Bxf3 5. Qxf3 Nf6 6. exd5 cxd5 7. Bb5+ Nc6
8. O-O e6 9. d3 Bd6 10. Bg5 O-O 11. Ne2 Be7 12. Bxc6 bxc6 13. Ng3 Nd7 14. Bxe7
Qxe7 15. Rfe1 Qf6 16. Qxf6 Nxf6 17. f4 Nd7 18. d4 Rfe8 19. Re3 c5 20. dxc5 Nxc5
21. Rae1 Nd7 22. Rd1 Nb6 23. Rde1 Nc4 24. R3e2 Nxb2 25. f5 Rac8 26. fxe6 Rxe6
27. Rxe6 fxe6 28. Rxe6 Rxc2 29. Re7 d4 30. Nh5 d3 31. Rxg7+ Kf8 32. Rxa7 d2 33.
Ra8+ Ke7 34. Ra7+ Kd6 35. Ra6+ Rc6 0-1